Dove giocava nel 2010-2011? - Quiz n°12 - Statistics

Statistiche generali
  • Questo quiz è stato fatto 36 volte
  • Il punteggio medio è 6 su 10
Statistiche sulle risposte
Hint Risposta % Corretto
Miloš Krasić Juventus
76%
Federico Balzaretti Palermo
76%
Arturo Vidal Bayer Leverkusen
72%
Sergio Floccari Lazio
72%
Takayuki Morimoto Catania
69%
Stefan de Vrij Feyenoord
66%
Abdelkader Ghezzal Bari
59%
Daniel Agger Liverpool
59%
Enner Valencia Emelec
48%
Fabio Borini Chelsea
21%
Nessun quiz corrispondente trovato
Distribuzione punteggi
Percentuale di utenti per punteggio
Percentile per numero di risposta
I tuoi punteggi nel tempo
Non hai fatto questo quiz